Name a Valid Country - Currency - Statistics

General Stats
  • This quiz has been taken 1,892 times
  • The average score is 13 of 18
Answer Stats
Currency Possible answers A country that uses it... % Correct
Dollar Antigua and Barbuda | Australia | Bahamas | Barbados | Belize | Brunei | Canada | Dominica | East Timor | Ecuador | El Salvador | Fiji | Grenada | Guyana | Jamaica | Kiribati | Liberia | Marshall Islands | F.S. Micronesia | Namibia | Nauru | New Zealand | Palau | St Kitts and Nevis | St Lucia | St Vincent and the Grenadines | Singapore | Solomon Islands | Suriname | Taiwan | Trinidad and Tobago | Tuvalu | United States Australia | Canada | New Zealand | Taiwan | United States | 28+
100%
Euro Andorra | Austria | Belgium | Estonia | Finland | France | Germany | Greece | Ireland | Italy | Kosovo | Latvia | Lithuania | Luxembourg | Malta | Monaco | Montenegro | Netherlands | Portugal | San Marino | Slovakia | Slovenia | Spain | Vatican City | Cyprus Austria | Belgium | Croatia | France | Germany | Greece | Italy | Spain | 18+
100%
Pound United Kingdom | Lebanon | Syria | Egypt | South Sudan | Sudan United Kingdom | Lebanon | Syria | Egypt | South Sudan | Sudan
99%
Peso Cuba | Dominican Republic | Mexico | Philippines | Argentina | Chile | Colombia | Uruguay Cuba | Dominican Republic | Mexico | Philippines | Argentina | Chile | Colombia | Uruguay
97%
Rupee India | Nepal | Pakistan | Sri Lanka | Mauritius | Seychelles India | Nepal | Pakistan | Sri Lanka | Mauritius | Seychelles
96%
Ruble Belarus | Russia Belarus | Russia
92%
Franc Switzerland | Benin | Burkina Faso | Burundi | Cameroon | Central African Republic | Chad | Comoros | Congo (Dem. Rep.) | Congo (Rep. of.) | Djibouti | Equatorial Guinea | Gabon | Guinea | Guinea-Bissau | Ivory Coast | Liechtenstein | Mali | Niger | Rwanda | Senegal | Togo Switzerland | D.R. Congo | Guinea | Ivory Coast | Mali | Niger | Senegal | 15+
89%
Krone Denmark | Norway Denmark | Norway
83%
Won North Korea | South Korea North Korea | South Korea
82%
Krona Iceland | Sweden Iceland | Sweden
81%
Dinar Serbia | Bahrain | Iraq | Jordan | Kuwait | Algeria | Libya | Tunisia Serbia | Bahrain | Iraq | Jordan | Kuwait | Algeria | Libya | Tunisia
73%
Riyal Qatar | Saudi Arabia Qatar | Saudi Arabia
59%
Shilling Kenya | Somalia | Tanzania | Uganda Kenya | Somalia | Tanzania | Uganda
53%
Rial Iran | Oman | Yemen Iran | Oman | Yemen
45%
Leu Moldova | Romania Moldova | Romania
39%
Som Kyrgyzstan | Uzbekistan Kyrgyzstan | Uzbekistan
23%
Manat Azerbaijan | Turkmenistan Azerbaijan | Turkmenistan
21%
Kwacha Malawi | Zambia Malawi | Zambia
21%
No matching quizzes found
Score Distribution
Percent of People with Each Score
Percentile by Number Answered
Your Score History
You have not taken this quiz